000
00470nam a2200181Ia 4500
008
090124s9999 xx 000 0 und d
082
_b
33666
100
_a
बगे आशा
245
_a
झुंबर
250
_a
2
260
_b
मॅजेस्टिक प्रकाशन
_c
1996
300
_a
151
600
_a
बगे आशा
630
_a
झुंबर
700
_a
बगे आशा
730
_a
झुंबर
942
_c
BOOK
999
_c
106110
_d
106110